000
00317nam a22001337a 4500
008
181016b xxu||||| |||| 00| 0 eng d
020
_a
2901429216226
041
_a
eng
080
_2
6th
_a
311
100
_a
55
101
_a
STA
245
_a
Introduction to the practice of Statistics
_c
Moore,D.S
942
_2
udc
_c
BK
999
_c
49856
_d
49856